| 000 | 00714nam a2200181 a 4500 | ||
|---|---|---|---|
| 008 | 210412s2013 ||||||||||||||||| || u | ||
| 020 | _a9780073405926 | ||
| 050 | _aPE 1408 Roe | ||
| 100 | _aMaid, Barry M | ||
| 245 | 1 | 4 |
_aThe McGraw-Hill guide: Writing for writing form life _cBy Duane Roen; Gregory R. Glau; Barry M. Maid |
| 250 | _a3rd edition | ||
| 260 |
_aNew York _bMcGraw-Hill Companies _c2013 |
||
| 300 | _axli, 590 pages: illlustrations | ||
| 650 | _aENGLISH LANGUAGE--RHETORIC | ||
| 700 | _aGlau, Gregory R | ||
| 700 | _aRoen, Duane | ||
| 995 |
_D251.97 _FCBU-MAIN LIBRARY (Kitwe) _M1 _UAVAILABLE _WApr 19, 2021 _ZMain Library Open Access Collection |
||
| 999 |
_c50792 _d50792 |
||